000 00352nam a2200133Ia 4500
008 151001s9999||||xx |||||||||||||| ||und||
100 _aवा शि आपटे
245 _aश्रीमंत कसे व्हावे
250 _a1
260 _bसरिता प्रकाशन
260 _c1974
300 _a128
365 _b18
999 _c959100
_d959097